Logo BPK

Bibliografia Prac Pracowników

Politechniki Koszalińskiej

System sztucznej inteligencji do doboru składników ściernicy hybrydowej / (Rekord nr 1309)

Szczegóły MARC
000 -ETYKIETA REKORDU
podpole kontrolne o stałej długości 01521naa a2200241 i 4500
001 - NUMER KONTROLNY REKORDU
podpole kontrolne 1309
003 - IDENTYFIKATOR NUMERU KONTROLNEGO REKORDU
podpole kontrolne KOSZ 005
005 - DATA OSTATNIEJ MODYFIKACJI REKORDU
podpole kontrolne 20190610114404.0
008 - POLE O STAŁEJ DŁUGOŚCI - DANE KONTROLNE
podpole kontrolne o stałej długości 160128s2007 pl f |100 0 pol
040 ## - ŹRÓDŁO KATALOGOWANIA
Instytucja, która utworzyła rekord BPK
Instytucja, która dokonała modyfikacji KOSZ 005/EG
080 ## - UNIWERSALNA KLASYFIKACJA DZIESIĘTNA - UKD
UKD 004.89
100 1# - NAZWA OSOBOWA
Nazwa osobowa PRĄDZIŃSKI, Marcin - doktorant.
Instytucja Politechnika Koszalińska - Wydział Mechaniczny
245 10 - TYTUŁ/ODPOWIEDZIALNOŚĆ
Tytuł System sztucznej inteligencji do doboru składników ściernicy hybrydowej /
Pozostałe elementy strefy tytułu i oznaczenia odpowiedzialności Marcin Prądziński.
500 ## - UWAGI OGÓLNE
Tekst uwagi Dane z autopsji.
520 ## - UWAGA DOTYCZĄCA TREŚCI DOKUMENTU
Analiza dokumentacyjna, adnotacja itp. Przedstawiono możliwość zastosowania sztucznej inteligencji w postaci sieci neuronowej przy doborze składników nowoczesnych narzędzi zwanych ściernicami hybrydowymi. Dotychczas znane metody pozwalały na budowanie ściernic hybrydowych na podstawie doboru materiału w sposób intuicyjny lub przypadkowy. Odpowiednio zaprogramowana sieć neuronowa pozwala na uzyskanie konkretnej odpowiedzi na zadany problem. Uzyskane rozwiązanie pozwala na zbudowanie nowych narzędzi.
650 #0 - HASŁO PRZEDMIOTOWE W FORMIE NAZWY OGÓLNEJ LUB JEDNOSTKOWEJ
Nazwa ogólna lub geograficzna Inteligencja sztuczna.
650 #0 - HASŁO PRZEDMIOTOWE W FORMIE NAZWY OGÓLNEJ LUB JEDNOSTKOWEJ
Nazwa ogólna lub geograficzna Sieci neuronowe.
655 #0 - TERMIN INDEKSOWY - OKREŚLENIE RODZAJU/FORMY DOKUMENTU
Określnie rodzaju/formy dokumentu Materiały konferencyjne.
650 #0 - HASŁO PRZEDMIOTOWE W FORMIE NAZWY OGÓLNEJ LUB JEDNOSTKOWEJ
Nazwa ogólna lub geograficzna Ściernica
773 0# - TYTUŁ DOKUMENTU MACIERZYSTEGO
Wyrażenie wprowadzające W :
Tytuł CAX'2006 : komputerowe wspomaganie nauki i techniki : III warsztaty naukowe, Bydgoszcz - Duszniki Zdrój 2006 : praca zbiorowa / pod red. Tadeusza Mikołajczyka. -
Adres wydawniczy Bydgoszcz : Wydaw. Uczelniane Uniwersytetu Technologiczno-Przyrodniczego, 2007. -
Informacje dotyczące relacji s. 81-84
711 22 - HASŁO DODATKOWE - NAZWA IMPREZY
Nazwa imprezy CAX'2006
Oznaczenie części/sekcji dzieła (3 ;
Data imprezy 2006 ;
Miejsce imprezy Duszniki Zdrój, Polska).
Nazwa części/sekcji dzieła CAX'2006
942 ## - HASŁO DODATKOWE - ELEMENTY(KOHA)
Typ dokumentu Rozdział
Schemat klasyfikacji Uniwersalna klasyfikacja dziesiętna
Egzemplarze
Wycofany Zagubiony Uszkodzony Dostępność Lokalizacja stała Lokalizacja bieżąca Sygnatura Typ dokumentu
      Dostępny Bibliografia Prac Pracowników - BPK Bibliografia Prac Pracowników - BPK 88723 Rozdział
© 2014 Biblioteka Politechniki Koszalińskiej :: BIBLIOGRAFIA PRAC PRACOWNIKÓW